[Event "Las Americas Team op U2400 Hybrid"]
[Site "Internet"]
[Date "2022.05.14"]
[Round "5.9"]
[White "Balan Perez, Carlos Alberto"]
[Black "Choque Ordono, Mijail Yasser"]
[Result "1/2-1/2"]
[WhiteElo "1807"]
[BlackElo "1710"]
[PlyCount "91"]
[EventDate "2022.05.14"]
[EventType "team-swiss"]
[EventRounds "5"]
[EventCountry "VEN"]
[SourceTitle "EXT 2023"]
[Source "ChessBase"]
[SourceDate "2022.10.05"]
[SourceVersion "1"]
[SourceVersionDate "2022.10.05"]
[SourceQuality "1"]

1. d4 c5 2. d5 Nf6 3. c4 b5 4. cxb5 a6 5. bxa6 Bxa6 6. Nc3 d6 7. g3 g6 8. e4 Bxf1 9. Kxf1 Bg7 10. Kg2 0-0 11. h3 Nbd7 12. f4 Qb6 13. Nf3 c4 14. e5 Ne8 15. Re1 Nc5 16. Re2 Nd3 17. Rb1 Nc7 18. b3 Nxc1 19. Qxc1 cxb3 20. Rxb3 Qa5 21. Qd1 Na6 22. Ne4 dxe5 23. fxe5 Rfd8 24. d6 Bxe5 25. Nxe5 Qxe5 26. Rf3 f5 27. Qb3+ Kh8 28. dxe7 Qxe7 29. Nc3 Qd6 30. Rfe3 Nc5 31. Qc4 Rac8 32. Nb5 Qc6+ 33. Kh2 Ne4 34. Qb4 Qd5 35. Qb2+ Kg8 36. a4 Nd2 37. Nc3 Nf3+ 38. Kg2 Rxc3 39. Qxc3 Nd4+ 40. Kf2 Nxe2 41. Rxe2 Qh1 42. h4 Qh2+ 43. Kf3 Qh1+ 44. Kf2 Qh2+ 45. Kf3 Qh1+ 46. Kf2 1/2-1/2

[Event "Nonalaya Ricardo Online op"]
[Site "Chess.com INT"]
[Date "2020.07.19"]
[Round "6"]
[White "Choque Ordono, Mijail Yasser"]
[Black "Santana Vilcapoma, Melyssa Ilda"]
[Result "1-0"]
[WhiteElo "1507"]
[BlackElo "1444"]
[PlyCount "67"]
[EventDate "2020.07.19"]
[EventType "swiss (blitz)"]
[EventRounds "9"]
[EventCountry "PER"]
[SourceTitle "CBM 197 Extra"]
[Source "ChessBase"]
[SourceDate "2020.09.30"]
[SourceVersion "1"]
[SourceVersionDate "2020.09.30"]
[SourceQuality "1"]

1. d4 d5 2. c4 e6 3. Nc3 Nf6 4. Nf3 c6 5. Bf4 Bd6 6. Bxd6 Qxd6 7. c5 Qc7 8. Ne5 Nbd7 9. f4 b6 10. b4 b5 11. a4 Nxe5 12. fxe5 Ne4 13. Nxe4 dxe4 14. axb5 cxb5 15. e3 a6 16. Bxb5+ Ke7 17. Bc4 Rb8 18. Qd2 Rd8 19. Qc3 Bb7 20. 0-0 Kf8 21. Bxa6 Bxa6 22. Rxa6 Kg8 23. Rfa1 Qb7 24. Rb6 Qe7 25. Rba6 Qg5 26. c6 Rdc8 27. b5 Rxb5 28. Ra8 Qd8 29. c7 Qd7 30. Rxc8+ Qxc8 31. Ra8 Rb1+ 32. Kf2 Rb2+ 33. Kg3 Rxg2+ 34. Kxg2 1-0

[Event "Nonalaya Ricardo Online op"]
[Site "Chess.com INT"]
[Date "2020.07.19"]
[Round "3"]
[White "Fuentes Godoy, Lilia Ivonne"]
[Black "Choque Ordono, Mijail Yasser"]
[Result "1-0"]
[WhiteElo "2196"]
[BlackElo "1507"]
[PlyCount "79"]
[EventDate "2020.07.19"]
[EventType "swiss (blitz)"]
[EventRounds "9"]
[EventCountry "PER"]
[SourceTitle "CBM 197 Extra"]
[Source "ChessBase"]
[SourceDate "2020.09.30"]
[SourceVersion "1"]
[SourceVersionDate "2020.09.30"]
[SourceQuality "1"]

1. d4 c5 2. d5 d6 3. c4 e5 4. e4 Be7 5. Be2 f5 6. Nc3 f4 7. f3 Bh4+ 8. Kf1 Be7 9. g3 g5 10. h4 fxg3 11. hxg5 Bxg5 12. Nh3 Bxh3+ 13. Rxh3 g2+ 14. Kxg2 Bxc1 15. Qxc1 Nf6 16. Kf2 Qe7 17. Qh6 Nbd7 18. Rg1 0-0-0 19. Rg7 Qf8 20. Rhg3 Rg8 21. Bf1 Rxg7 22. Qxg7 h5 23. Bh3 h4 24. Rg6 a6 25. Ke2 Kb8 26. Qxf8 Rxf8 27. Bxd7 Nxd7 28. Rh6 Rg8 29. Kf2 Nb6 30. b3 Kc7 31. Rxh4 Nd7 32. Rh7 Rg6 33. Ne2 b5 34. Ng3 bxc4 35. bxc4 Kc8 36. Nf5 Nb6 37. Ne7+ Kd8 38. Nxg6 Nxc4 39. Ra7 Nd2 40. Rxa6 1-0